01571nam a2200349 i 4500003000900000005001700009008004100026017001300067040004600080041000800126082002800134092000700162099004300169100005200212245010400264250003000368264006500398300003000463336002200493337002400515338003300539504006100572546004100633650007600674651001000750856005700760905000700817942001900824999001700843952018100860952018001041EG-GICUC20260121101538.0251224s1986 ua ||||fr||| 0||| ||ara|d a19865008 a EG-GICUCbarac EG-GICUCd EG-GICUCerda0 aara04221a345.458bم ح . ن04221 aLaw1 07 345.458 م ح . ن 1 ed - 19860 aمحمود صالح العادليeمؤلف.12aالنيابة الإدارية في مفترق الطرق /cمحمود صالح العادلي. aالطبعة الاولى 1aالقاهرة : bدار الكتاب الجامعي,c1986 a207 صفحة ; c24 سم. 2rda contentatext 2rda mediaaComputer 2rda carrieraOnline Resource aيحتوي على ارجاعات ببليوجرافية  aالنص باللغة العربية14aالنيابة الإداريةxالقانون الاداري2qrmak1 2qrmak40uhttps://fll.law.cu.edu.eg/fulltext/bks/B07-01873.pdf a75 2ddccBKe21n0 c52506d52506 00102ddc40718القانون الإداريaCUbLAW1d2025-12-24l0oLaw1 07 345.458 م ح . ن 1 ed - 1986 0701873 C1pB07-01873r2025-12-24 16:45:00t1w2025-12-24yBK 00102ddc40708القانون الإداريaCUbLAW1d2025-12-24l0oLaw1 07 345.458 م ح . ن 1 ed - 1986 0701874 C2pB07-01874r2025-12-24 16:45:00t2w2025-12-24yBK